000 00447nam a22001457a 4500
005 20250603092628.0
008 250603b |||||||| |||| 00| 0 eng d
020 _a9780830816521
050 _aBV652
_b.I FOR
100 _aFORD, LEIGHTON
245 _aTRANSFORMING LEADERSHIP;
_bJESUS WAY OF CREATING VER VISION, SHAPING VALUES AND EMPOWERING CHANGEILLINOIS
260 _aILLINOIS
_bINTERVARSITY PRESS
_cc1995
300 _a320p
942 _2lcc
_cBK
_n0
999 _c6175
_d6175